[Event "Manaus op 2nd"]
[Site "Manaus"]
[Date "2023.10.13"]
[Round "4"]
[White "Da Silva, Nayron Igor Tomaz"]
[Black "Arenillas Nahuel, Oliveira"]
[Result "0-1"]
[WhiteElo "1791"]
[BlackElo "1908"]
[PlyCount "86"]
[EventDate "2023.10.11"]
[EventType "swiss"]
[EventRounds "9"]
[EventCountry "BRA"]
[SourceTitle "Mega2024 Update 01"]
[Source "Chessbase"]
[SourceDate "2023.11.12"]
[SourceVersion "1"]
[SourceVersionDate "2023.11.12"]
[SourceQuality "1"]

1. c4 Nf6 2. g3 g6 3. Bg2 Bg7 4. Nf3 0-0 5. Nc3 d6 6. 0-0 c6 7. d3 e5 8. Rb1 Re8 9. Bg5 h6 10. Bxf6 Bxf6 11. b4 d5 12. Nd2 e4 13. Na4 exd3 14. exd3 Bf5 15. Rb3 Na6 16. cxd5 cxd5 17. Nc5 Nxc5 18. bxc5 Qd7 19. Re1 Rxe1+ 20. Qxe1 Bd4 21. Nf3 Bxc5 22. Qc1 Bf8 23. Rc3 Bg7 24. Rc7 Rc8 25. Rxc8+ Qxc8 26. Qe3 b6 27. Nh4 Be6 28. h3 g5 29. Nf3 Bxh3 30. Bxh3 Qxh3 31. Qe8+ Bf8 32. d4 Qe6 33. Qa8 a5 34. Qb7 Bg7 35. Qb8+ Kh7 36. Qd8 Bf6 37. Qc7 Kg7 38. a4 g4 39. Ne5 Bxe5 40. dxe5 d4 41. Kf1 Kg6 42. Ke1 f6 43. Qd6 Qxe5+ 0-1

[Event "Manaus Expert op"]
[Site "Manaus"]
[Date "2023.09.24"]
[Round "4"]
[White "Pereira, Adrian Ulrich Almei"]
[Black "Da Silva, Nayron Igor Tomaz"]
[Result "0-1"]
[WhiteElo "1712"]
[BlackElo "1775"]
[PlyCount "90"]
[EventDate "2023.09.22"]
[EventType "swiss"]
[EventRounds "5"]
[EventCountry "BRA"]
[SourceTitle "EXT 2024"]
[Source "ChessBase"]
[SourceDate "2023.10.10"]
[SourceVersion "1"]
[SourceVersionDate "2023.10.10"]
[SourceQuality "1"]

1. e4 c5 2. Nf3 d6 3. d4 cxd4 4. Nxd4 Nf6 5. Nc3 a6 6. Be2 e6 7. 0-0 Be7 8. Bg5 b5 9. Bf3 Ra7 10. Re1 Rc7 11. Qd3 b4 12. Na4 Nbd7 13. c3 Ne5 14. Qc2 Nxf3+ 15. Nxf3 Nd7 16. Be3 Bb7 17. Nd2 Bg5 18. f4 Be7 19. Rad1 Qb8 20. f5 0-0 21. fxe6 fxe6 22. Rf1 Nf6 23. Qb3 d5 24. e5 Nd7 25. cxb4 Rcc8 26. Nc5 Nxc5 27. bxc5 Bxc5 28. Bxc5 Rxf1+ 29. Rxf1 Rxc5 30. Nf3 Qa7 31. Qe3 Qb6 32. Ng5 Rc6 33. Qxb6 Rxb6 34. b3 h6 35. Nf7 Rc6 36. Nd6 Rc7 37. Nxb7 Rxb7 38. Rc1 a5 39. Rc6 Kf7 40. Ra6 Rb5 41. Kf2 d4 42. Ra7+ Kg6 43. Ke2 Rxe5+ 44. Kd3 Rd5 45. b4 axb4 0-1